| 000 | 00000nam##2200000za#4500 |
| 001 | 9.680822 |
| 003 | CaOODSP |
| 005 | 20200330064943 |
| 007 | ta |
| 008 | 150407|1999||||xxc||||| f|0| 0 fre|d |
| 020 | |a0-662-83847-5 |
| 040 | |aCaOODSP|bfre |
| 043 | |an-cn--- |
| 086 | 1 |aMP43-400/1999F |
| 110 | 1 |aCanada.|bDéveloppement des ressources humaines Canada. |
| 245 | 13|aLa prestation nationale pour enfants : |bun atout pour les familles canadiennes |
| 260 | |aOttawa - Ontario : |bDéveloppement des ressources humaines Canada |c1999. |
| 300 | |a13p. : |bill. ; |c22 cm. |
| 563 | |aCouverture souple |
| 590 | |a99-46|b1999-11-19 |
| 691 | 07|aPauvreté dans l'enfance|2gcpds |
| 691 | 07|aSécurité du revenu|2gcpds |
| 691 | 07|aFamille|2gcpds |
| 775 | 08|tThe National Child Benefit : |w(CaOODSP)9.647398 |
| 776 | 0#|tLa prestation nationale pour enfants : |w(CaOODSP)9.640565 |
| 986 | |aSP-138-07-99F |